000 00857nam a2200253Ia 4500
003 GCL
008 140319s9999 xx 000 0 ara d
020 _a823844092
040 _aGCL /
_cGCL
082 0 4 _a004.678
_bن ت
100 1 _aمركز التعريب والترجمة
245 1 0 _aالتجارة على الانترنت /
_cمركز التعريب والترجمة
700 1 _aنورتون ، بوب
700 1 _aسميث ، كينى
250 _aالاولى
260 _aبيروت :
_bالدار العربية للعلوم ،
_c1997
300 _a111 ص ؛
_c19 سم
490 _aسلسلة تعلم خلال اسبوع
_v0
650 0 4 _aالإنترنت
650 0 4 _aالبريد الالكترونى
650 0 4 _aالتجارة الالكترونية
650 0 4 _aالتسوق الالكترونى
942 _2ddc
_cBK
999 _c57045
_d57045